[Event "Wch U20 Girls 39th"]
[Site "Mexico City"]
[Date "2023.09.28"]
[Round "8"]
[White "Destic, Elena"]
[Black "Viana, Valeria"]
[Result "1/2-1/2"]
[WhiteElo "1904"]
[BlackElo "1620"]
[PlyCount "119"]
[EventDate "2023.09.21"]
[EventType "swiss"]
[EventRounds "11"]
[EventCountry "MEX"]
[SourceTitle "EXT 2024"]
[Source "ChessBase"]
[SourceDate "2023.10.10"]
[SourceVersion "1"]
[SourceVersionDate "2023.10.10"]
[SourceQuality "1"]

1. e4 c6 2. d4 d5 3. e5 Bf5 4. h4 h5 5. Bg5 Qb6 6. Bd3 Bxd3 7. Qxd3 e6 8. Nd2 Be7 9. Ngf3 Bxg5 10. hxg5 Ne7 11. Nh4 g6 12. 0-0 Nd7 13. c4 Rc8 14. Rac1 0-0 15. Rc3 c5 16. cxd5 exd5 17. dxc5 Rxc5 18. Rb3 Qc7 19. e6 Ne5 20. exf7+ Rxf7 21. Qe3 Ng4 22. Qg3 Qa5 23. Ndf3 Rc2 24. Qd6 Qxa2 25. Rxb7 Re2 26. Nxg6 Nf5 27. Qd8+ Kg7 28. Rxf7+ Kxf7 29. Nh8+ Kg7 30. g6 Qxb2 31. Qxd5 Qf6 32. Rc1 Re7 33. Nf7 Qxg6 34. N7g5 Qf6 35. Nh3 Qb2 36. Rf1 Qf6 37. Nf4 Qf7 38. Qxf7+ Kxf7 39. Nxh5 Nf6 40. Nxf6 Kxf6 41. Ra1 Rb7 42. Ra6+ Ke7 43. Ne5 Nd4 44. Kh2 Nb5 45. f4 Nc7 46. Rxa7 Rxa7 47. Nc6+ Kf6 48. Nxa7 Kf5 49. Kg3 Nd5 50. Kh4 Nxf4 51. g4+ Kf6 52. Nc6 Ne6 53. Kh5 Nf4+ 54. Kh6 Ne6 55. Nb8 Ke5 56. Nd7+ Kf4 57. Nf6 Ng5 58. Kh5 Ne6 59. Nh7 Ng7+ 60. Kg6 1/2-1/2

[Event "FRA-ch U18/20 Girls"]
[Site "Agen"]
[Date "2023.04.30"]
[Round "9"]
[White "Tomas, Maureen"]
[Black "Destic, Elena"]
[Result "0-1"]
[WhiteElo "1380"]
[BlackElo "1831"]
[PlyCount "90"]
[EventDate "2023.04.23"]
[EventType "swiss"]
[EventRounds "9"]
[EventCountry "FRA"]
[SourceTitle "CBM 214 Extra"]
[Source "ChessBase"]
[SourceDate "2023.07.31"]
[SourceVersion "1"]
[SourceVersionDate "2023.07.31"]
[SourceQuality "1"]

1. c4 Nf6 2. Nc3 e6 3. e3 d5 4. cxd5 exd5 5. d4 c6 6. g3 Bf5 7. Bg2 Bd6 8. Nf3 h6 9. 0-0 0-0 10. Bd2 Nbd7 11. Rc1 Re8 12. a3 Nb6 13. Na4 Nc4 14. Bc3 Ne4 15. Nd2 Nexd2 16. Bxd2 b5 17. Nc5 Nxb2 18. Qb3 Nc4 19. Bc3 Qe7 20. a4 Bxc5 21. dxc5 Rab8 22. axb5 Rxb5 23. Qa4 Reb8 24. Bd4 Nd2 25. Rfd1 Ne4 26. Qa3 Qd7 27. Ra1 R8b7 28. Rac1 Ng5 29. h4 Ne4 30. Be5 Qe6 31. Bd4 Qg6 32. Be5 f6 33. Bd4 Qh5 34. Qa2 Bg4 35. Re1 Bf3 36. Qa6 Bxg2 37. Kxg2 Qf5 38. Re2 Qg4 39. Rec2 Rc7 40. Qa2 g5 41. hxg5 fxg5 42. Rh1 h5 43. Rh3 Rf7 44. Qa6 Rb1 45. Qxc6 Qf3+ 0-1

[Event "FRA-ch U18/20 Girls"]
[Site "Agen"]
[Date "2023.04.24"]
[Round "2"]
[White "Destic, Elena"]
[Black "Djidjeli, Sarah"]
[Result "1/2-1/2"]
[WhiteElo "1831"]
[BlackElo "2028"]
[PlyCount "106"]
[EventDate "2023.04.23"]
[EventType "swiss"]
[EventRounds "9"]
[EventCountry "FRA"]
[SourceTitle "CBM 214 Extra"]
[Source "ChessBase"]
[SourceDate "2023.07.31"]
[SourceVersion "1"]
[SourceVersionDate "2023.07.31"]
[SourceQuality "1"]

1. e4 c5 2. Nc3 Nc6 3. Bb5 Nd4 4. Bc4 e6 5. Nge2 a6 6. a4 d6 7. d3 Nf6 8. 0-0 Be7 9. Nxd4 cxd4 10. Ne2 Qb6 11. a5 Qc5 12. Bb3 0-0 13. Bd2 e5 14. Ng3 Be6 15. c3 dxc3 16. Bxc3 b5 17. Bxe6 fxe6 18. Qb3 Qc8 19. Nf5 Qd7 20. Rac1 Kh8 21. Nxe7 Qxe7 22. Bb4 Qd7 23. Rc3 Nh5 24. Qa3 Nf4 25. Rc2 Rad8 26. g3 Nh3+ 27. Kg2 Ng5 28. f3 Rc8 29. Rcf2 Rc6 30. h4 Nf7 31. f4 exf4 32. Rxf4 h6 33. e5 Rc2+ 34. R1f2 Qc6+ 35. Kg1 Rc1+ 36. Rf1 dxe5 37. Bd2 Rxf1+ 38. Rxf1 Rd8 39. Rxf7 Qc2 40. Qe7 Rg8 41. Rf2 Qxd3 42. Kh2 e4 43. Bc3 e3 44. Rg2 Qe4 45. Qa7 e5 46. Re2 b4 47. Bxb4 Qxb4 48. Qxe3 Qxa5 49. Qxe5 Qxe5 50. Rxe5 Rb8 51. Re2 Kh7 52. Kh3 h5 53. Re6 Rxb2 1/2-1/2

[Event "FRA-ch U20 Girls"]
[Site "Agen"]
[Date "2022.04.24"]
[Round "9"]
[White "Georges, Lisa"]
[Black "Destic, Elena"]
[Result "1/2-1/2"]
[WhiteElo "1762"]
[BlackElo "1782"]
[PlyCount "83"]
[EventDate "2022.04.16"]
[EventType "swiss"]
[EventRounds "9"]
[EventCountry "FRA"]
[SourceTitle "EXT 2023"]
[Source "ChessBase"]
[SourceDate "2022.10.05"]
[SourceVersion "1"]
[SourceVersionDate "2022.10.05"]
[SourceQuality "1"]

1. e4 c6 2. d4 d5 3. exd5 cxd5 4. Bd3 Nc6 5. c3 Nf6 6. h3 g6 7. Nf3 Bf5 8. Bxf5 gxf5 9. Bf4 e6 10. Nbd2 Rg8 11. Bg5 Be7 12. Rg1 Ne4 13. Bxe7 Qxe7 14. Qe2 0-0-0 15. 0-0-0 h5 16. Ne5 Nxe5 17. dxe5 Qc5 18. Nxe4 dxe4 19. Qxh5 Qxf2 20. Qxf7 Qf4+ 21. Kc2 Qxe5 22. Rxd8+ Rxd8 23. Rd1 Rxd1 24. Kxd1 Qd6+ 25. Kc2 e3 26. Qg8+ Kc7 27. Qg7+ Kc6 28. Qd4 Qg3 29. Qc4+ Kd7 30. Qb5+ Ke7 31. Qxb7+ Kf6 32. Qa8 Qf2+ 33. Kb3 e2 34. Qd8+ Ke5 35. Qc7+ Kf6 36. Qd8+ Kg6 37. Qg8+ Kh5 38. g3 Qe3 39. Qf7+ Kg5 40. Qg7+ Kh5 41. Qf7+ Kh6 42. Qf6+ 1/2-1/2

[Event "Toulouse Lardenne op 2nd"]
[Site "Toulouse"]
[Date "2014.05.18"]
[Round "1"]
[White "Destic, Elena"]
[Black "De Baralle, Michel"]
[Result "0-1"]
[WhiteElo "1301"]
[BlackElo "1534"]
[PlyCount "66"]
[EventDate "2014.05.17"]
[EventType "swiss"]
[EventRounds "6"]
[EventCountry "FRA"]
[SourceTitle "EXT 2015"]
[Source "ChessBase"]
[SourceDate "2014.11.20"]
[SourceVersion "1"]
[SourceVersionDate "2014.11.20"]
[SourceQuality "1"]

1. e4 c5 2. b3 d6 3. Nc3 Nf6 4. Bb2 Nxe4 5. Nxe4 Bf5 6. Qf3 Bg6 7. Nc3 Nc6 8. Bb5 Rc8 9. Bxc6+ Rxc6 10. 0-0-0 e6 11. Re1 Be7 12. Nge2 0-0 13. Nf4 Qc8 14. Nxg6 fxg6 15. Qe3 d5 16. d4 cxd4 17. Qxd4 Bf6 18. Qe3 Bxc3 19. Bxc3 Rxc3 20. Qxe6+ Qxe6 21. Rxe6 Rxf2 22. Kd1 Rcxc2 23. Rd6 Rxa2 24. Ke1 h5 25. Rxd5 Rxg2 26. Rd7 Ra1+ 27. Rd1 Rxd1+ 28. Kxd1 Rb2 29. Kc1 Rf2 30. Rg1 Rxh2 31. Rxg6 Kf7 32. Rg3 h4 33. Rf3+ Kg6 0-1

[Event "Toulouse Lardenne op 2nd"]
[Site "Toulouse"]
[Date "2014.05.18"]
[Round "3"]
[White "Destic, Elena"]
[Black "Parpinel, Mario"]
[Result "0-1"]
[WhiteElo "1301"]
[BlackElo "1669"]
[PlyCount "54"]
[EventDate "2014.05.17"]
[EventType "swiss"]
[EventRounds "6"]
[EventCountry "FRA"]
[SourceTitle "EXT 2015"]
[Source "ChessBase"]
[SourceDate "2014.11.20"]
[SourceVersion "1"]
[SourceVersionDate "2014.11.20"]
[SourceQuality "1"]

1. e4 d6 2. d4 Nf6 3. Nc3 e5 4. dxe5 dxe5 5. Qxd8+ Kxd8 6. Bg5 Be6 7. 0-0-0+ Nbd7 8. Nf3 Kc8 9. a3 Bc5 10. Rd2 Ng4 11. Bh4 f6 12. h3 Nh6 13. g4 g5 14. Bg3 Nf7 15. Nd5 Nd6 16. b4 Bb6 17. Nxb6+ axb6 18. Kb2 Nxe4 19. Rd1 c5 20. Bb5 cxb4 21. axb4 Ra2+ 22. Kc1 Nc3 23. Bxd7+ Bxd7 24. Rde1 Ba4 25. Kd2 Rxc2+ 26. Kd3 Rd8+ 27. Ke3 Bb5 0-1